000
00217 a2200097 4500
001
20334
100
_a
Heywood R B
245
_a
Designing against fatigue
260
_a
_b
Chapman & Hall Ltd
_c
090
_c
14825
_d
14825
942
_a
NUST-CAE
_c
M
_c
5364
999
_c
255407
_d
255407